El Urbanismo municipal en España / Consell de redacció: Lorenzo Alberdías i Marfil ... [et al.] Lorenzo Alberdías i Marfil ... [et al.]
ISBN:
84-88068-83-2
Descripción Física:
124 p. : plànols ; 30 cm
Otros Autores:
Alberdías i Marfil, Lorenzo
,
Institut d'Estudis Regionals i Metropolitans de Barcelona
Materias:
Urbanisme -- Espanya
MARC
| LEADER | 00000nam a2200000Ia 4500 | ||
|---|---|---|---|
| 001 | 19684 | ||
| 008 | 160829s2005 xx 000 0 cat d | ||
| 020 | |a 84-88068-83-2 | ||
| 080 | |a M-5-473 | ||
| 245 | |a El Urbanismo municipal en España / Consell de redacció: |b Lorenzo Alberdías i Marfil ... [et al.] | ||
| 260 | |a Barcelona : |b Institut d'Estudis Regionals i Metropolitans de Barcelona, |c 2005 | ||
| 300 | |a 124 p. : |b plànols ; |c 30 cm | ||
| 490 | |a Papers. Regió Metropolitana de Barcelona ; 43 | ||
| 590 | |a A la portada: Regió Metropolitana de Barcelona. Territori - Estratègies - Planejament. | ||
| 590 | |a A la part inferior de la portada: Federació de Municipis de Catalunya, Àrea metropolitana de Barcelona. Mancomunitat de municipis, Ajuntament de Barcelona, Diputació de Barcelona. Xarxa de municipis, Generalitat de Catalunya. | ||
| 590 | |a Bibliografia | ||
| 650 | 0 | |a Urbanisme |z Espanya |9 18343 | |
| 700 | |a Alberdías i Marfil, Lorenzo |9 43204 | ||
| 700 | |a Institut d'Estudis Regionals i Metropolitans de Barcelona |9 17648 | ||
| 710 | 1 | |a Catalunya. |b Generalitat |9 12125 | |
| 710 | 2 | |a Mancomunitat de Municipis de l'Àrea Metropolitana de Barcelona |9 6256 | |
| 710 | 1 | |a Barcelona (Catalunya). |b Ajuntament |9 50981 | |
| 710 | 1 | |a Barcelona (Catalunya : Província). |b Diputació |9 52408 | |
| 710 | |a Federació de Municipis de Catalunya |9 52168 | ||
| 901 | |a Arxiu | ||
| 942 | |n 1 | ||
| 952 | |0 0 |1 0 |4 0 |6 M5473 |7 1 |9 51271 |a Arxiu |b Arxiu |d 2016-12-01 |l 0 |o M-5-473 |p 19684 |r 2016-12-01 00:00:00 |w 2016-12-01 |y ARXIU | ||
| 999 | |c 55115 |d 55115 | ||